[Event "Berlin Lichtenberger Sommer 3th"]
[Site "Berlin"]
[Date "2004.08.18"]
[Round "5.48"]
[White "Stingl, Christian"]
[Black "Steinert, Christian"]
[Result "0-1"]
[WhiteElo "1719"]
[BlackElo "1960"]
[PlyCount "82"]
[EventDate "2004.08.14"]
[EventType "swiss"]
[EventRounds "9"]
[EventCountry "GER"]
[SourceTitle "EXT 2022"]
[Source "ChessBase"]
[SourceDate "2021.10.06"]
[SourceVersion "1"]
[SourceVersionDate "2021.10.06"]
[SourceQuality "1"]

1. c4 Nf6 2. Nc3 g6 3. d4 Bg7 4. e4 d6 5. Nf3 0-0 6. Be2 c6 7. 0-0 Na6 8. h3 Nd7 9. Be3 e5 10. d5 c5 11. a3 h6 12. Bd3 f5 13. exf5 gxf5 14. Nh2 e4 15. Be2 Ne5 16. f4 Ng6 17. Bh5 Kh7 18. Qe1 Rg8 19. Kh1 Bd4 20. Qf2 Qf6 21. Rac1 Bd7 22. Rfd1 Bxe3 23. Qxe3 Qh4 24. Bxg6+ Rxg6 25. Rg1 Rag8 26. Ne2 Nc7 27. b4 Na6 28. b5 Nc7 29. a4 Ne8 30. Qc3 b6 31. Rcf1 Nf6 32. a5 Nh5 33. axb6 axb6 34. Qa3 Rg3 35. Qa7 Qd8 36. Rf2 R8g7 37. Qa2 Qh4 38. Qa6 Re3 39. Rgf1 Rxe2 40. Rxe2 Ng3+ 41. Kg1 Nxe2+ 0-1

[Event "Berlin Lichtenberger Sommer 3th"]
[Site "Berlin"]
[Date "2004.08.14"]
[Round "1.34"]
[White "Stingl, Christian"]
[Black "Brauer, Christian E"]
[Result "0-1"]
[WhiteElo "1719"]
[BlackElo "2132"]
[PlyCount "80"]
[EventDate "2004.08.14"]
[EventType "swiss"]
[EventRounds "9"]
[EventCountry "GER"]
[SourceTitle "EXT 2022"]
[Source "ChessBase"]
[SourceDate "2021.10.06"]
[SourceVersion "1"]
[SourceVersionDate "2021.10.06"]
[SourceQuality "1"]

1. c4 c6 2. Nc3 d5 3. d4 e5 4. cxd5 cxd5 5. dxe5 d4 6. Ne4 Qa5+ 7. Bd2 Qxe5 8. Ng3 Bc5 9. Nf3 Qe7 10. Qc2 Nc6 11. Rc1 Bb6 12. Qe4 Nf6 13. Qxe7+ Kxe7 14. Ng5 Re8 15. N3e4 h6 16. Nxf6 Kxf6 17. Nf3 Be6 18. a3 Na5 19. Nxd4 Bxd4 20. Bxa5 Bxb2 21. Rb1 Bxa3 22. Bc3+ Kg6 23. e3 b6 24. Bd3+ f5 25. g4 Kf7 26. gxf5 Bd5 27. Rg1 Bf8 28. Rg4 Rac8 29. Bd4 Bc4 30. Ke2 Bxd3+ 31. Kxd3 Red8 32. Rg6 Rc5 33. e4 Ra5 34. Rc1 Bc5 35. Rxg7+ Kf8 36. Rcg1 Rxd4+ 37. Kc2 Ra2+ 38. Kb3 Ra3+ 39. Kc2 Rc4+ 40. Kb1 Bd4 0-1

[Event "Berlin Lichtenberger Sommer 2nd"]
[Site "Berlin"]
[Date "2003.08.24"]
[Round "9.59"]
[White "Stingl, Christian"]
[Black "Eberlein, Johann"]
[Result "1/2-1/2"]
[WhiteElo "1732"]
[BlackElo "1449"]
[PlyCount "50"]
[EventDate "2003.08.16"]
[EventType "swiss"]
[EventRounds "9"]
[EventCountry "GER"]
[SourceTitle "EXT 2022"]
[Source "ChessBase"]
[SourceDate "2021.10.06"]
[SourceVersion "1"]
[SourceVersionDate "2021.10.06"]
[SourceQuality "1"]

1. c4 e6 2. Nc3 Nf6 3. d4 d5 4. cxd5 Nxd5 5. e4 Nb6 6. Nf3 Be7 7. Be3 N8d7 8. Bd3 Bf6 9. Qc2 e5 10. d5 0-0 11. a4 Nb8 12. a5 N6d7 13. Nb5 Na6 14. Nxa7 Nb4 15. Qc3 Nxd3+ 16. Qxd3 Nb8 17. Nxc8 Qxc8 18. 0-0 c6 19. b4 cxd5 20. Qxd5 Rd8 21. Qb5 Na6 22. Bb6 Rd6 23. Rad1 Qe6 24. Rd5 Rxd5 25. exd5 Qd6 1/2-1/2

[Event "Berlin Lichtenberger Sommer 2nd"]
[Site "Berlin"]
[Date "2003.08.23"]
[Round "8.60"]
[White "Stingl, Christian"]
[Black "Guenther, Rolf"]
[Result "1/2-1/2"]
[WhiteElo "1732"]
[BlackElo "1618"]
[PlyCount "118"]
[EventDate "2003.08.16"]
[EventType "swiss"]
[EventRounds "9"]
[EventCountry "GER"]
[SourceTitle "EXT 2022"]
[Source "ChessBase"]
[SourceDate "2021.10.06"]
[SourceVersion "1"]
[SourceVersionDate "2021.10.06"]
[SourceQuality "1"]

1. c4 Nf6 2. Nc3 c6 3. g3 d5 4. cxd5 Nxd5 5. Bg2 Nxc3 6. bxc3 Bf5 7. e4 Bg6 8. d4 e6 9. Ne2 h6 10. 0-0 Nd7 11. f4 Be7 12. f5 exf5 13. exf5 Bh7 14. Rb1 Nb6 15. Qb3 0-0 16. g4 Re8 17. Nf4 Qd7 18. Rb2 Bf6 19. a4 Re7 20. a5 Nc8 21. Nh5 Nd6 22. Nxf6+ gxf6 23. Bxh6 Rae8 24. h3 Nb5 25. Bf4 Re1 26. Rbf2 Qe7 27. d5 Qc5 28. Bd2 R1e2 29. Qd1 cxd5 30. Bf3 Rxf2 31. Rxf2 Nxc3 32. Bxc3 Qxc3 33. Qxd5 Re5 34. Qxb7 Rxa5 35. Kg2 Ra3 36. Qb2 Qxb2 37. Rxb2 a5 38. Rb7 Kg7 39. Bd5 Bg8 40. Rb2 Kh6 41. h4 Kg7 42. Ra2 Rxa2+ 43. Bxa2 a4 44. Kf3 Kf8 45. Ke4 Ke7 46. Kd4 Kd6 47. g5 fxg5 48. hxg5 a3 49. f6 Kd7 50. Ke5 Ke8 51. g6 Kf8 52. g7+ Ke8 53. Bb1 Kd7 54. Kd5 Kc7 55. Kc5 Kd7 56. Ba2 Kc7 57. Bd5 Kd7 58. Bb3 Kc7 59. Ba2 Kd7 1/2-1/2

[Event "Berlin Lichtenberger Sommer 2nd"]
[Site "Berlin"]
[Date "2003.08.22"]
[Round "7.55"]
[White "Wallmann, Bodo"]
[Black "Stingl, Christian"]
[Result "1-0"]
[WhiteElo "1488"]
[BlackElo "1732"]
[PlyCount "65"]
[EventDate "2003.08.16"]
[EventType "swiss"]
[EventRounds "9"]
[EventCountry "GER"]
[SourceTitle "EXT 2022"]
[Source "ChessBase"]
[SourceDate "2021.10.06"]
[SourceVersion "1"]
[SourceVersionDate "2021.10.06"]
[SourceQuality "1"]

1. e4 e6 2. f4 d5 3. e5 c5 4. Nf3 Nc6 5. Be2 Nge7 6. d4 Nf5 7. c3 cxd4 8. g4 Ne3 9. Bxe3 dxe3 10. b4 a6 11. a4 Be7 12. 0-0 Bd7 13. Qd3 Qb6 14. a5 Qa7 15. Na3 Rd8 16. Nc2 d4 17. Ncxd4 Nxd4 18. Nxd4 Bb5 19. Nxb5 Rxd3 20. Nxa7 Rxc3 21. Rfc1 Bxb4 22. Rxc3 Bxc3 23. Rc1 Bxa5 24. Rc8+ Bd8 25. Bf3 Kd7 26. Kf1 a5 27. g5 b5 28. Bc6+ Ke7 29. Rb8 b4 30. Nc8+ Kf8 31. Nd6 Ke7 32. Rb7+ Kf8 33. Nxf7 1-0

[Event "Berlin Lichtenberger Sommer 2nd"]
[Site "Berlin"]
[Date "2003.08.21"]
[Round "6.36"]
[White "Stingl, Christian"]
[Black "Guenther, Thomas"]
[Result "0-1"]
[WhiteElo "1732"]
[BlackElo "1992"]
[PlyCount "70"]
[EventDate "2003.08.16"]
[EventType "swiss"]
[EventRounds "9"]
[EventCountry "GER"]
[SourceTitle "EXT 2022"]
[Source "ChessBase"]
[SourceDate "2021.10.06"]
[SourceVersion "1"]
[SourceVersionDate "2021.10.06"]
[SourceQuality "1"]

1. c4 e5 2. Nc3 Nc6 3. g3 g6 4. Bg2 Bg7 5. d3 Nge7 6. Nf3 d6 7. a3 f5 8. Rb1 h6 9. Bd2 Be6 10. b4 Qd7 11. e3 g5 12. b5 Nd8 13. Qe2 Ng6 14. d4 Qf7 15. d5 Bd7 16. Na2 g4 17. Ng1 e4 18. Bc3 Bxc3+ 19. Nxc3 Ne5 20. Rd1 Qf6 21. Qc2 Ndf7 22. Nge2 Nd3+ 23. Kf1 Nfe5 24. Na2 h5 25. h4 0-0 26. Nf4 Nxf4 27. exf4 Nd3 28. Nb4 Nxb4 29. axb4 a6 30. bxa6 Rxa6 31. b5 Ra3 32. Kg1 Rfa8 33. Bf1 Ra2 34. Qb3 R8a3 35. Qb4 Rc3 0-1

[Event "Berlin Lichtenberger Sommer 2nd"]
[Site "Berlin"]
[Date "2003.08.17"]
[Round "2.65"]
[White "Stingl, Christian"]
[Black "Berg, Gerd"]
[Result "1-0"]
[WhiteElo "1732"]
[BlackElo "1459"]
[PlyCount "51"]
[EventDate "2003.08.16"]
[EventType "swiss"]
[EventRounds "9"]
[EventCountry "GER"]
[SourceTitle "EXT 2022"]
[Source "ChessBase"]
[SourceDate "2021.10.06"]
[SourceVersion "1"]
[SourceVersionDate "2021.10.06"]
[SourceQuality "1"]

1. c4 c5 2. Nc3 Nc6 3. Nf3 d6 4. d4 cxd4 5. Nxd4 e5 6. Nf3 h6 7. e4 Nf6 8. h3 a6 9. Be3 Bd7 10. a3 Be7 11. Bd3 Na7 12. Qe2 0-0 13. 0-0 Bc6 14. Rac1 Nc8 15. Rfd1 Qe8 16. Ne1 Bd8 17. Bb1 Qe7 18. Nd5 Nxd5 19. exd5 Bd7 20. c5 Bb5 21. Qc2 f5 22. c6 bxc6 23. a4 f4 24. Qh7+ Kf7 25. Bg6+ Kf6 26. Bh5 1-0

[Event "Berlin op 08"]
[Site "Berlin"]
[Date "2002.08.19"]
[Round "3"]
[White "Heinze, Alexander"]
[Black "Stingl, Christian"]
[Result "1-0"]
[WhiteElo "1811"]
[BlackElo "1755"]
[PlyCount "103"]
[EventDate "2002.08.17"]
[EventType "swiss"]
[EventRounds "9"]
[EventCountry "GER"]
[SourceTitle "EXT 2007"]
[Source "ChessBase"]
[SourceDate "2006.11.23"]
[SourceVersion "1"]
[SourceVersionDate "2006.11.23"]
[SourceQuality "1"]

1. e4 e6 2. d4 d5 3. Nd2 c5 4. c3 cxd4 5. cxd4 dxe4 6. Nxe4 Nf6 7. Nxf6+ Qxf6 8. Nf3 Qd8 9. Bd3 Nc6 10. 0-0 Be7 11. Be3 0-0 12. Rc1 Bd7 13. Bb1 Bf6 14. Qd3 g6 15. Qd2 Ne7 16. Bg5 Bxg5 17. Qxg5 Nd5 18. Qh6 Qf6 19. Ng5 Qg7 20. Qh4 Rac8 21. Be4 Rxc1 22. Rxc1 Rc8 23. Rxc8+ Bxc8 24. Bxd5 exd5 25. Nxh7 Qxh7 26. Qd8+ Kg7 27. Qxc8 Qh5 28. Qc2 Qg4 29. Qd2 Qe4 30. Qd1 b5 31. a3 a5 32. h3 a4 33. Qd2 Qb1+ 34. Kh2 Qf1 35. Qe3 Qc4 36. h4 Qc7+ 37. Qe5+ Qxe5+ 38. dxe5 f5 39. Kg3 Kf7 40. f4 Ke7 41. Kf3 d4 42. Ke2 Ke6 43. Kd3 Kd5 44. e6 Kxe6 45. Kxd4 Kd6 46. g3 Kc6 47. Ke5 Kc5 48. Kf6 Kc4 49. Kxg6 Kb3 50. h5 Kxb2 51. h6 Kxa3 52. h7 1-0